000
00275nam a22001337a 4500
999
_c
159330
_d
159330
082
_a
_b
245
_a
The gospel of love/
_c
by Chandan Lal Dhody (Tr.).
260
_a
_b
Siddharth,
_c
1987.
300
_a
601p.
600
_a
650
_a
700
_a
942
_c
BK